Anagrammes des 4 points cardinaux par ordre alphabétique - Statistiques

Statistiques générales
  • Ce quiz a été pris 32 fois
    27 depuis la dernière actualisation
  • Le résultat moyen est 6 sur 8
Statistiques - réponses
Hint Réponse % Correct
1 Dus
96%
6 Tes
92%
4 Set
88%
3 Rond
80%
5 Soute
76%
8 Uds
48%
2 Ouste
44%
7 Toue
36%
Aucun quiz correspondant
Distribution des résultats
% des personnes avec chaque résultat
Percentile par nombre de réponses
Votre historique - résultats
Vous n’avez pas pris ce quiz depuis la dernière actualisation